Estudio de prefactibilidad técnico económico para la utilización de paneles fotovoltaicos para el secado artificial de café en la hacienda La Esperanza de Jinotega.
Presenta un estudio sobre la utilización de paneles fotovoltaicos para el secado artificial de café en la hacienda la esperanza en la ciudad de Jinotega.
| Main Author: | |
|---|---|
| Other Authors: | |
| Format: | Tesis Section = Libro |
| Language: | Undetermined Spanish |
| Published: |
Managua
UNI
2013
|
| Subjects: |
| LEADER | 00989nam a2200241Ia 4500 | ||
|---|---|---|---|
| 008 | 240830s9999 xx 000 0 und d | ||
| 040 | |a BIBLIOTECA-RUSB/ Mon 621.47 M828 | ||
| 041 | |a spa | ||
| 082 | |a Mon 621.47 M828 | ||
| 100 | 1 | |a Morales Alvarado, Carlos Ernesto | |
| 245 | 1 | 0 | |a Estudio de prefactibilidad técnico económico para la utilización de paneles fotovoltaicos para el secado artificial de café en la hacienda La Esperanza de Jinotega. |
| 260 | |a Managua |b UNI |c 2013 | ||
| 300 | |a 51 p. :il. | ||
| 502 | |a Tesis (Ingeniero Eléctrico) - UNI, 2013. | ||
| 520 | 3 | |a Presenta un estudio sobre la utilización de paneles fotovoltaicos para el secado artificial de café en la hacienda la esperanza en la ciudad de Jinotega. | |
| 650 | 7 | |a ENERGÍA SOLAR | |
| 650 | 7 | |b COLECTORES SOLARES | |
| 650 | 7 | |c SISTEMAS FOTOVOLTAICOS | |
| 650 | 7 | |d GENERACION DE ENERGÍA ELÉCTRICA | |
| 700 | 1 | |a Tutor: |b Pérez, Carlos Abraan | |
| 942 | |c BK |2 ddc | ||
| 991 | |a TESIS | ||
| 999 | |c 20345 | ||